| 000 | 00649nam a2200217 a 4500 | ||
|---|---|---|---|
| 001 | BRL_1162 | ||
| 005 | 20190320211049.0 | ||
| 008 | 201113s19uu----au-#######---#000-0#ger-# | ||
| 041 | _ager | ||
| 044 | _aau | ||
| 050 | 4 |
_aML50.G569 _b.G58 1900 |
|
| 100 | 1 |
_aGluck, Christoph Willibald _cRitter von _d1714-1787 _925977 |
|
| 245 | 1 | 0 |
_aOrpheus und Eurydike _boper in drei akten _cnach dem Eranzöhschen von J. D. Sander; Musik von Ritter von Gluck |
| 260 |
_aWien _bAdolph M. Künast _c[19--] |
||
| 300 |
_a20 p. _c18 cm. |
||
| 500 | _aAu1367 | ||
| 650 | 1 | 4 |
_aOpera _923436 |
| 650 | 1 | 4 |
_aLibretos para operas _923437 |
| 902 | _aGRL | ||
| 942 |
_2lcc _cB |
||
| 999 |
_c9974 _d9974 |
||